Loading...
Contemporary readings in ecology /
| Hovedforfatter: | |
|---|---|
| Format: | Printed Book |
| Sprog: | English |
| Udgivet: |
Dickenson Pub. Co.,
1969.
|
| Fag: |
| LEADER | 00464nam a2200133Ia 4500 | ||
|---|---|---|---|
| 008 | 150624b xxu||||| |||| 00| 0 eng d | ||
| 082 | |a 577 | ||
| 100 | |a Boughey, Arthur S. | ||
| 245 | |a Contemporary readings in ecology / |c Arthur S. Boughey | ||
| 260 | |b Dickenson Pub. Co., |c 1969. | ||
| 650 | |x Ecology. | ||
| 942 | |c BK | ||
| 999 | |c 6845 |d 6845 | ||
| 952 | |0 0 |1 0 |4 0 |6 577_000000000000000_BOU_C |7 0 |9 6844 |a UL |b UL |c ST2 |d 1998-09-07 |l 1 |o 577 BOU/C |p 10907 |r 2021-09-15 |s 2021-09-15 |w 2012-10-27 |y BK | ||